000
00326nam a2200133Ia 4500
005
20251222140105.0
008
251222s1900||||xx |||||||||||||| ||spa||
020
_a
0819162382
082
_a
212.4/M12
100
_a
McLean, George F.
245
0
_a
Person and god
264
_b
International Society for Metaphsics
942
_c
LIB
999
_c
4070
_d
4070